000 005580000a22001210004500
100 1 _aSalas Silva, raúl
245 1 0 _aEstilos de aprendizaje a la luz de la neurociencia
300 _anúm.37 ( Feb. - Mar., 2009), P. 32 - 41
520 _aEste artículo procura entregar una visión de los estilos de aprendizaje desde el enfoque de la Neurociencia, poniendo énfasis en algunos aspectos desconocidos o poco considerados por los teóricos del campo.
650 1 4 _aINTELIGENCIA
773 0 _tRevista internacional magisterio : educación y ped
942 _cANA
999 _c62947
_d62947